[Event "Mark it Zero"]
[Site "SchemingMind.com"]
[Date "2009.07.29"]
[Round "-"]
[White "Lazaro"]
[Black "andu"]
[Result "0-1"]
[WhiteCountry "CUB"]
[BlackCountry "AUT"]
[WhiteElo "1372"]
[WhiteRD "86"]
[BlackElo "1892"]
[BlackRD "50"]
[GameID "213756"]

1. d4 Nf6 2. Nf3 e6 3. c4 c5 4. d5 exd5 5. cxd5 d6 6. Nc3 g6 7. e4 Bg7 8. h3 O-O 9. Bd3 Qc7 10. O-O c4
11. Bc2 Na6 12. Be3 Bd7
0-1

[Event "Mark it Zero"]
[Site "SchemingMind.com"]
[Date "2009.07.29"]
[Round "-"]
[White "andu"]
[Black "Lazaro"]
[Result "1-0"]
[WhiteCountry "AUT"]
[BlackCountry "CUB"]
[WhiteElo "1892"]
[WhiteRD "50"]
[BlackElo "1372"]
[BlackRD "86"]
[GameID "213762"]

1. e4 e5 2. Nf3 Nc6 3. Bc4 Bc5 4. b4 Bxb4 5. c3 Ba5 6. d4 d6 7. dxe5 dxe5 8. Qxd8+ Nxd8 9. Nxe5 Nf6 10. f3 O-O
11. Be2 Be6= 12. Bd2 Re8 13. Na3
1-0

[Event "Mark it Zero"]
[Site "SchemingMind.com"]
[Date "2009.07.30"]
[Round "-"]
[White "the_ether_76"]
[Black "MrPerry"]
[Result "0-1"]
[WhiteCountry "USA"]
[BlackCountry "USA"]
[WhiteElo "1796"]
[WhiteRD "99"]
[BlackElo "1822"]
[BlackRD "85"]
[GameID "214215"]

1. d4 d5 2. c4 e6 3. Nc3 Nf6 4. e3 c5 5. Bd3 dxc4 6. Bxc4 a6 7. Nge2 b5 8. Bd3 Bb7 9. O-O Nbd7 10. a3 Be7
11. e4 cxd4 12. Nxd4 Nc5 13. Bc2 Ncxe4 14. Nxe4 Bxe4 15. Bxe4 Nxe4 16. Nc6 Qxd1
0-1

[Event "Mark it Zero"]
[Site "SchemingMind.com"]
[Date "2009.07.30"]
[Round "-"]
[White "palszab"]
[Black "Lanaroon"]
[Result "1-0"]
[WhiteCountry "HUN"]
[BlackCountry "ENG"]
[WhiteElo "1903"]
[WhiteRD "75"]
[BlackElo "1647"]
[BlackRD "105"]
[GameID "214216"]

1. e4 e5 2. Nf3 Nc6 3. d4 exd4 4. Bc4 d6 5. Nxd4 Ne5 6. Bb3 Bd7 7. O-O Qe7 8. Nc3 Bc6 9. f4 O-O-O 10. Qh5 Nf6
11. Nxc6 Nxc6 12. Qxf7 Qxf7 13. Bxf7 Nd4 14. Bb3 c6 15. Be3 c5 16. e5 dxe5 17. fxe5 Nd7 18. e6 Nxb3 19. exd7+ Rxd7 20. axb3 b6
21. Rad1 Be7 22. Rxd7 Kxd7 23. Rd1+ Kc6 24. Bf4 Rd8 25. Rxd8 Bxd8 26. Kf2 g5 27. Be5 b5 28. Ke3 b4 29. Ne4 g4 30. Nf6 Bxf6
31. Bxf6 Kd5 32. Kf4 c4 33. bxc4+ Kxc4 34. Kxg4 a5 35. h4 a4 36. Kf4 Kd5 37. g4 a3 38. bxa3
1-0

[Event "Mark it Zero"]
[Site "SchemingMind.com"]
[Date "2009.07.31"]
[Round "-"]
[White "MrPerry"]
[Black "the_ether_76"]
[Result "1-0"]
[WhiteCountry "USA"]
[BlackCountry "USA"]
[WhiteElo "1828"]
[WhiteRD "82"]
[BlackElo "1778"]
[BlackRD "84"]
[GameID "214221"]

1. e4 c5 2. d4 cxd4 3. c3 dxc3 4. Nxc3 e5 5. Nf3 Nc6 6. Bc4 Na5 7. Bxf7+ Kxf7 8. Qd5+ Ke8 9. Nxe5 Qe7 10. Qxa5 Nf6
11. Bg5 b6 12. Bxf6 gxf6 13. Qd5 Rb8 14. Nf3 Bb7 15. Qh5+ Qf7 16. Qxf7+= Kxf7 17. Rd1 d5 18. Nxd5 Re8 19. O-O Rxe4 20. Nc3 Re8
21. Rd7+ Re7 22. Rxe7+ Bxe7 23. Rd1 Rg8 24. Ne1 Bc6 25. g3 b5 26. Ng2 Rd8 27. Rxd8 Bxd8 28. Nf4 Be7 29. Kf1 b4 30. Ncd5 Bb5+
31. Ke1 Bd6 32. Kd2 a5 33. b3 Bc6 34. Kd3 Bc5 35. Ne3 Bb5+ 36. Ke4 Bc6+ 37. Kd3
1-0

[Event "Mark it Zero"]
[Site "SchemingMind.com"]
[Date "2009.07.30"]
[Round "-"]
[White "Lanaroon"]
[Black "palszab"]
[Result "0-1"]
[WhiteCountry "ENG"]
[BlackCountry "HUN"]
[WhiteElo "1647"]
[WhiteRD "105"]
[BlackElo "1903"]
[BlackRD "75"]
[GameID "214222"]

1. e4 e5 2. Nf3 Nc6 3. Nc3 Nf6 4. d4 exd4 5. Nxd4 Bb4 6. Nxc6 Bxc3+ 7. bxc3 bxc6 8. Bd3 h6 9. O-O O-O 10. Re1 a5
11. e5 Nd5 12. Qd2 Qh4 13. Re4 Qh5 14. Ba3 Re8 15. Rae1 Ba6 16. c4 Nb6 17. g4 Qh4 18. g5 Qxg5+ 19. Qxg5 hxg5 20. h4 gxh4
21. Rxh4 d6 22. Rhe4 d5 23. cxd5 cxd5 24. Rd4 Bxd3 25. cxd3 Re6 26. Kg2 Rae8 27. Rh1 Rxe5 28. Rdh4 f6 29. Rh8+ Kf7 30. Rxe8 Rxe8
31. Rc1 Rc8 32. Rc5 a4 33. d4 Ke6 34. Ra5 Ra8 35. Rxa8 Nxa8 36. f4 Nb6 37. Kg3 Kf5 38. Bf8 g6 39. Be7 Nc4 40. Bd8 c6
41. Be7 Nb2 42. Bd6 Nd1 43. Bb4 Ke4
0-1

[Event "Mark it Zero"]
[Site "SchemingMind.com"]
[Date "2009.08.03"]
[Round "-"]
[White "Ronald R. Nurmi"]
[Black "Teagy"]
[Result "0-1"]
[WhiteCountry "USA"]
[BlackCountry "ENG"]
[WhiteElo "1724"]
[WhiteRD "74"]
[BlackElo "1858"]
[BlackRD "74"]
[GameID "214497"]

1. d4 e6 2. Bf4 Nf6 3. e3 Be7 4. Bd3 c5 5. c3 cxd4 6. cxd4 O-O 7. h3 Nd5 8. Bg3 f5 9. Nf3 f4 10. exf4 Nxf4
11. Bxf4 Rxf4 12. O-O b6 13. Qc2 h6 14. Nbd2 Nc6 15. g3 Nxd4 16. Nxd4 Rxd4 17. Be4 Rb8 18. h4 d5 19. Bg2 e5 20. b3 e4
21. Rad1 Ba6 22. Rfe1 Bd3 23. Qc3 Bf6 24. Qb2 Ra4 25. Qxf6 Qxf6 26. bxa4 Qb2 27. Bh3 Qxa2 28. Be6+ Kh8 29. Bd7 a6
0-1

[Event "Mark it Zero"]
[Site "SchemingMind.com"]
[Date "2009.08.03"]
[Round "-"]
[White "Teagy"]
[Black "Ronald R. Nurmi"]
[Result "1-0"]
[WhiteCountry "ENG"]
[BlackCountry "USA"]
[WhiteElo "1858"]
[WhiteRD "74"]
[BlackElo "1724"]
[BlackRD "74"]
[GameID "214500"]

1. e4 d5 2. exd5 Qxd5 3. Nc3 Qd6 4. d4 Nf6 5. Nf3 a6 6. Be2 e6 7. O-O Be7 8. Be3 O-O 9. Ne5 Nbd7 10. f4 c5
11. Nxd7 Bxd7 12. a4 cxd4 13. Bxd4 Rac8 14. Be5 Qxd1 15. Raxd1 Bc6 16. Bf3 Bxf3 17. Rxf3 Ng4 18. Bd4 Rfd8 19. Rfd3 Nf6 20. g3 Rc6
21. Kg2 Rcd6 22. Kf3 h5 23. h3 R8d7 24. g4 hxg4+ 25. hxg4 Kf8 26. g5 Ne8 27. Ne4 Rc6 28. Bxg7+ Kxg7 29. Rxd7 Bb4 30. Rxb7
1-0

[Event "Mark it Zero"]
[Site "SchemingMind.com"]
[Date "2009.08.08"]
[Round "-"]
[White "echecs"]
[Black "sansubari"]
[Result "1-0"]
[WhiteCountry "ENG"]
[BlackCountry "MAS"]
[WhiteElo "1802"]
[WhiteRD "61"]
[BlackElo "1502"]
[BlackRD "74"]
[GameID "215039"]

1. e4 d5 2. exd5 Qxd5 3. Nc3 Qe5+ 4. Be2 Bg4 5. d4 Bxe2 6. Ngxe2 Qh5 7. Be3 e6 8. Qd3 Nf6 9. Ng3 Qa5 10. O-O Bd6
11. Nce4 Nxe4 12. Nxe4 Be7 13. a3 c6 14. b4 Qc7 15. c3 Nd7 16. Bg5 Bxg5 17. Nxg5 h6 18. Qh3 Qf4 19. Nf3 g5 20. Qg3 Qxg3
21. fxg3 f6 22. Rae1 Kf7 23. Nd2 b5 24. Ne4 Ke7 25. g4 h5 26. gxh5 Rxh5 27. Ng3 Rh7 28. Nf5+ Kf7 29. Nd6+ Ke7 30. Nb7 Rah8
31. h3 g4 32. hxg4 Rb8 33. Na5 Rg7 34. Nxc6+ Kf7 35. Nxb8 Nxb8 36. Re4 Rg5 37. Rfe1 f5 38. gxf5 exf5 39. Re7+ Kg6 40. R1e6+ Kh5
41. Rxa7 f4 42. Rb6 Rg8 43. Rxb5+ Kh4 44. Kf2 Rg3 45. Rxb8 Rxc3 46. Rg8 Rc2+ 47. Kg1 Rc1+ 48. Kh2 f3 49. Rh7#
1-0

[Event "Mark it Zero"]
[Site "SchemingMind.com"]
[Date "2009.08.07"]
[Round "-"]
[White "sansubari"]
[Black "echecs"]
[Result "0-1"]
[WhiteCountry "MAS"]
[BlackCountry "ENG"]
[WhiteElo "1502"]
[WhiteRD "74"]
[BlackElo "1802"]
[BlackRD "61"]
[GameID "215047"]

1. d4 e6 2. Bf4 Nf6 3. e3 c5 4. c3 d5 5. Bxb8 Rxb8 6. Bb5+ Bd7 7. Qa4 Bxb5 8. Qxb5+ Nd7 9. Nf3 a6 10. Qa4 f6
11. Nbd2 Bd6 12. Nb3 O-O 13. dxc5 Nxc5 14. Nxc5 Bxc5 15. Rd1 Qb6 16. b4 Bd6 17. Nd4 Qc7 18. Qb3 Rfe8 19. g3 Kh8 20. a4 b5
21. a5 Rbc8 22. Rc1 g6 23. h4 Qb7 24. Rg1 e5 25. Ne2 Red8 26. g4 Rc4 27. h5 g5 28. f3 Rdc8 29. Kf2 h6 30. Qb1 Qf7
31. Qf5 Bb8 32. Rh1 Kg7 33. Rh2 Ba7 34. Rch1 Rh8 35. Qd3 e4 36. fxe4 Rxe4 37. Rd1 Rxe3 38. Qb1 Rxc3+ 39. Kg2 Rc4 40. Kh3 Re8
41. Rd3 f5 42. Qb2+ Kg8 43. Rg2 fxg4+ 44. Rxg4 Qxh5+ 45. Kg2 Qxg4+ 46. Rg3 Rxe2+
0-1

[Event "Mark it Zero"]
[Site "SchemingMind.com"]
[Date "2009.08.09"]
[Round "-"]
[White "vinz"]
[Black "Wojciech"]
[Result "1/2-1/2"]
[WhiteCountry "FRA"]
[BlackCountry "POL"]
[WhiteElo "1757"]
[WhiteRD "90"]
[BlackElo "1835"]
[BlackRD "113"]
[GameID "215352"]

1. Nf3 Nf6 2. c4 g6 3. d4 Bg7 4. Nc3 d5 5. Bg5 O-O 6. Qd2 c5 7. cxd5 Nxd5 8. Nxd5 Qxd5 9. e3 cxd4 10. exd4 Nc6
11. Be3 Bg4 12. Be2 Rfd8 13. O-O Rac8 14. Rfd1 e5 15. dxe5 Qxd2 16. Bxd2 Nxe5 17. Be3 Nxf3+ 18. Bxf3 Bxf3 19. Rxd8+ Rxd8 20. gxf3 a6
21. Rb1 Bf6 22. b3 Rd3 23. Kf1 Rc3 24. Rc1 Rxc1+ 25. Bxc1 Kf8 26. Ke2 Ke7 27. Kd3 b5 28. Bd2 Ke6 29. Ke4 Bd8 30. Be3 Bc7
31. h3 h5 32. Kd4 Bd6 33. Bd2 f5 34. b4 Be7 35. f4 Bd6 36. a3 Be7 37. Be3=
1/2-1/2

[Event "Mark it Zero"]
[Site "SchemingMind.com"]
[Date "2009.08.09"]
[Round "-"]
[White "Wojciech"]
[Black "vinz"]
[Result "1-0"]
[WhiteCountry "POL"]
[BlackCountry "FRA"]
[WhiteElo "1835"]
[WhiteRD "113"]
[BlackElo "1757"]
[BlackRD "90"]
[GameID "215353"]

1. d4 Nf6 2. c4 g6 3. Nc3 Bg7 4. Bg5 d5 5. Nf3 O-O 6. e3 Nc6 7. cxd5 Nxd5 8. Bc4 Be6 9. Qb3 Na5 10. Qa4 c6
11. Nxd5 cxd5 12. Bd3 Nc6 13. O-O Qd7 14. Rac1 Bf5 15. Bxf5 Qxf5 16. Bh4 h6 17. Qc2 Qxc2 18. Rxc2 Rfe8 19. Bg3 Rac8 20. Rfc1 e6
21. a3 Re7 22. Bd6 Rd7 23. Bg3 Re7= 24. Ne5 Rec7 25. b4 Bf8 26. Nf3 Rd7 27. b5 Bxa3 28. Ra1 Bb4 29. bxc6 bxc6 30. Ne5 Rb7
31. Rxc6 Rxc6 32. Nxc6 Bc3 33. Rc1 a5 34. h4 Bd2 35. Rd1 Bc3 36. Be5 a4 37. Bd6 Bb2 38. Rb1
1-0

[Event "Mark it Zero"]
[Site "SchemingMind.com"]
[Date "2009.08.11"]
[Round "-"]
[White "jorge47"]
[Black "R.Leydon"]
[Result "0-1"]
[WhiteCountry "ARG"]
[BlackCountry "IRL"]
[WhiteElo "1404"]
[WhiteRD "92"]
[BlackElo "1496"]
[BlackRD "75"]
[GameID "215408"]

1. e4 e6 2. d4 d5 3. e5 Nc6 4. Nf3 Bd7 5. Be2 Na5 6. O-O c5 7. c3 cxd4 8. cxd4 b5 9. b3 f6 10. Nc3 fxe5
11. Nxe5 b4 12. Bh5+ g6 13. Bxg6+ hxg6 14. Nxg6 Rh7 15. Nxf8 Kxf8 16. Ne2 Bb5 17. Nf4 Qf6 18. Nh5 Qh4 19. g4 Bxf1 20. Qf3+ Rf7
21. Nf4 Ba6 22. Ng6+ Kg7 23. Nxh4 Rxf3 24. Nxf3 Be2 25. Ne5 Rf8 26. g5 Ne7 27. Ng4 Bxg4 28. Be3 Nf5 29. Kg2 Nxe3+ 30. fxe3 Bf3+
31. Kg3 Nc6 32. a3 bxa3 33. Rxa3 Rf7 34. h3 Nb4 35. h4 Nc2
0-1

[Event "Mark it Zero"]
[Site "SchemingMind.com"]
[Date "2009.08.14"]
[Round "-"]
[White "jl1234"]
[Black "Geomy"]
[Result "1-0"]
[WhiteCountry "POL"]
[BlackCountry "ENG"]
[WhiteElo "1816"]
[WhiteRD "72"]
[BlackElo "1724"]
[BlackRD "124"]
[GameID "215409"]

1. Nf3 Nf6 2. d4 c6 3. Nc3 d5 4. h3 g6 5. Bf4 Bg7 6. e3 Nbd7 7. Bd3 Qb6 8. Rb1 Nh5 9. Bh2 Nf8 10. O-O Ne6
11. Na4 Qd8 12. Ne5 f5 13. Bxf5 Nf6 14. Bd3 Ng5 15. c4 e6 16. c5 Nf7 17. b4 Nd7 18. Nxf7 Kxf7 19. Qf3+ Nf6 20. Nc3 Rf8
21. Qd1 Kg8 22. b5 Kh8 23. bxc6 bxc6 24. Qa4 Qd7 25. Qa5 Rf7 26. Na4 Bb7 27. Ba6 Bxa6 28. Qxa6 Qe8 29. f3 Bh6 30. Rb3
1-0

[Event "Mark it Zero"]
[Site "SchemingMind.com"]
[Date "2009.08.10"]
[Round "-"]
[White "R.Leydon"]
[Black "jorge47"]
[Result "1-0"]
[WhiteCountry "IRL"]
[BlackCountry "ARG"]
[WhiteElo "1454"]
[WhiteRD "73"]
[BlackElo "1423"]
[BlackRD "89"]
[GameID "215413"]

1. e4 c5 2. Nc3 Nc6 3. f4 g6 4. Nf3 Bg7 5. Bc4 e6 6. f5 Nd4 7. O-O exf5 8. d3 a6 9. Qe1 Nxc2 10. Qe2 Nxa1
11. Bg5 f6 12. exf5+ Ne7 13. fxg6 fxg5 14. gxh7 b5 15. Nxg5 Qb6 16. Nd5 Qd6 17. Nf7 bxc4 18. Nxd6+ Kd8 19. Qxe7#
1-0

[Event "Mark it Zero"]
[Site "SchemingMind.com"]
[Date "2009.08.14"]
[Round "-"]
[White "Geomy"]
[Black "jl1234"]
[Result "0-1"]
[WhiteCountry "ENG"]
[BlackCountry "POL"]
[WhiteElo "1724"]
[WhiteRD "124"]
[BlackElo "1816"]
[BlackRD "72"]
[GameID "215414"]

1. d4 d5 2. c4 dxc4 3. Nf3 c6 4. e3 b5 5. a4 Nf6 6. Nc3 b4 7. Nb1 Ba6 8. Ne5 Qd5 9. f3 Nfd7 10. e4 Qe6
11. Ng4 c5 12. d5 Qd6 13. Qc2 g6 14. Bxc4 Bg7 15. O-O Bxc4 16. Qxc4 O-O 17. Nd2 Nb6 18. Qc2 Rc8 19. Nc4 Nxc4 20. Qxc4 Nd7
21. Qc2 Qa6 22. Be3 h5 23. Nf2 Ne5 24. Rfd1 Nc4 25. Bf4 Bxb2 26. Ra2 Bc3 27. Nd3 Qf6 28. h3 g5
0-1

[Event "Mark it Zero"]
[Site "SchemingMind.com"]
[Date "2009.08.12"]
[Round "-"]
[White "Hexsaw"]
[Black "Erik Johnson"]
[Result "0-1"]
[WhiteCountry "ENG"]
[BlackCountry "USA"]
[WhiteElo "1268"]
[WhiteRD "96"]
[BlackElo "1672"]
[BlackRD "74"]
[GameID "215632"]

1. d4 Nf6 2. Nf3 e6 3. Nc3 Bb4 4. Bd2 b6 5. a3 Be7 6. e4 Bb7 7. Bb5 a6 8. Ba4 b5 9. Bb3 Nxe4 10. Ne5 Nxc3
11. Bxc3 d6 12. Nd3 O-O 13. O-O Bg5 14. Ba5 Nc6 15. Nb4 Nxa5 16. d5 Nxb3 17. cxb3 a5 18. Nd3 Bxd5 19. b4 a4 20. Rc1 Bxc1
21. Nxc1 Qg5 22. g3 f5 23. Re1 f4 24. Qd2 Qg4 25. Na2 Qf3
0-1

[Event "Mark it Zero"]
[Site "SchemingMind.com"]
[Date "2009.08.12"]
[Round "-"]
[White "maro"]
[Black "simon_w"]
[Result "0-1"]
[WhiteCountry "MEX"]
[BlackCountry "IRL"]
[WhiteElo "1292"]
[WhiteRD "48"]
[BlackElo "1890"]
[BlackRD "76"]
[GameID "215633"]

1. d4 Nf6 2. d5 g6 3. Bg5 Bg7 4. Bxf6 Bxf6 5. c3 O-O 6. e4 d6 7. Nf3 c6 8. Bc4 b5 9. Bd3 a6 10. e5 dxe5
11. dxc6 Nxc6 12. Qe2 Bb7 13. O-O Qc7 14. g3 Rfd8 15. Rd1 Bg7 16. Na3 f5 17. Ng5 Rd6 18. b4 Rad8 19. Rab1 h6 20. Nf3 e4
21. Bc2 exf3 22. Bb3+ Kh7 23. Qxf3 Ne5 24. Qf4 Rxd1+ 25. Bxd1 Qxc3 26. Bb3 Qc6 27. f3 Nd3 28. Qe3 Bd4
0-1

[Event "Mark it Zero"]
[Site "SchemingMind.com"]
[Date "2009.08.12"]
[Round "-"]
[White "Erik Johnson"]
[Black "Hexsaw"]
[Result "1-0"]
[WhiteCountry "USA"]
[BlackCountry "ENG"]
[WhiteElo "1672"]
[WhiteRD "74"]
[BlackElo "1268"]
[BlackRD "96"]
[GameID "215637"]

1. e4 c5 2. c3 d6 3. d4 cxd4 4. cxd4 Nf6 5. Nc3 Nbd7 6. Nf3 e5 7. Be2 Be7 8. O-O O-O 9. d5 a5 10. Nd2 Nc5
11. Qc2 b6 12. Nb3 Rb8 13. Nxc5 bxc5 14. Qd3 Qc7 15. Qg3 g6 16. b3 Rb4 17. Bd3 Rd4 18. Bc4 Nxe4 19. Nxe4 Rxe4 20. Bb2 Re8
21. Rae1 Bf5 22. Bd3 Qb7 23. Bxe4 Bxe4 24. Rxe4 Qxd5 25. Re2 Rb8 26. f4 Rb4 27. fxe5 dxe5 28. Qxe5 Qb7 29. Qg7#
1-0

[Event "Mark it Zero"]
[Site "SchemingMind.com"]
[Date "2009.08.12"]
[Round "-"]
[White "simon_w"]
[Black "maro"]
[Result "1-0"]
[WhiteCountry "IRL"]
[BlackCountry "MEX"]
[WhiteElo "1890"]
[WhiteRD "76"]
[BlackElo "1292"]
[BlackRD "48"]
[GameID "215638"]

1. e4 e5 2. Nf3 Nf6 3. Nxe5 Nxe4 4. Qe2 Qf6 5. Qxe4 Be7 6. d4 d6 7. Nf3 Bf5 8. Qxb7 Bxc2 9. Qxa8 Qe6+ 10. Be3 O-O
11. Qxa7 Rc8 12. Qa3 d5 13. Qc3 Be4 14. Nbd2 Bxf3 15. Nxf3 Bf6 16. Bd3 c5 17. Rc1 Rc6 18. Qd2 c4 19. Bb1 g6 20. O-O Nd7
21. Rfe1
1-0

[Event "Mark it Zero"]
[Site "SchemingMind.com"]
[Date "2009.08.15"]
[Round "-"]
[White "jtrochez1"]
[Black "mmccaffe"]
[Result "1/2-1/2"]
[WhiteCountry "HON"]
[BlackCountry "USA"]
[WhiteElo "1594"]
[WhiteRD "53"]
[BlackElo "1602"]
[BlackRD "62"]
[GameID "216053"]

1. e4 e5 2. Nf3 Nc6 3. d4 exd4 4. Nxd4 Bc5 5. Nxc6 Qf6 6. Qf3 dxc6 7. Be2 Qxf3 8. Bxf3 Be6 9. b3 Bb4+ 10. c3 Ba5
11. O-O Nf6 12. Be3 O-O 13. c4 Ng4 14. Bxg4 Bxg4 15. f3 Be6 16. Nd2 Rfd8 17. Rad1 Rd7 18. Rf2 Rad8 19. Kf1 a6 20. Ke2 Kf8
21. h3 h6 22. g4 Bc3 23. h4 f6=
1/2-1/2

[Event "Mark it Zero"]
[Site "SchemingMind.com"]
[Date "2009.08.19"]
[Round "-"]
[White "mark74"]
[Black "lelouchdamien"]
[Result "0-1"]
[WhiteCountry "USA"]
[BlackCountry "USA"]
[WhiteElo "1631"]
[WhiteRD "92"]
[BlackElo "1459"]
[BlackRD "125"]
[GameID "216054"]

1. e4 c5 2. Nf3 d6 3. d4 cxd4 4. Nxd4 Nf6 5. Nc3 g6 6. Be3 Bg7 7. f3 O-O 8. Qd2 Nc6 9. Bc4 Bd7 10. O-O-O Rc8
11. Bb3 a6 12. h4 h5 13. g4 Ne5 14. g5 Nh7 15. f4 Nc4 16. Bxc4 Rxc4 17. f5 b5 18. b3 Rc7 19. Nd5 Rc8 20. Rdf1 e6
21. Nf4 e5 22. Nde6 fxe6 23. fxe6 exf4 24. Qd5 Kh8 25. Bd4 Be8 26. Rf3 Bc6 27. Bxg7+ Kxg7 28. Qd4+ Kg8 29. Rhf1 Qc7
0-1

[Event "Mark it Zero"]
[Site "SchemingMind.com"]
[Date "2009.08.15"]
[Round "-"]
[White "mmccaffe"]
[Black "jtrochez1"]
[Result "1/2-1/2"]
[WhiteCountry "USA"]
[BlackCountry "HON"]
[WhiteElo "1602"]
[WhiteRD "62"]
[BlackElo "1594"]
[BlackRD "53"]
[GameID "216057"]

1. e4 e5 2. Nf3 Nf6 3. Nxe5 Nxe4 4. d4 Qf6 5. Qf3 Qxf3 6. Nxf3 d5 7. Bd3 Bf5 8. Nh4 Be6 9. Nd2 Nxd2 10. Bxd2 Be7
11. Nf5 Bxf5 12. Bxf5 O-O 13. Bf4 Bd6 14. Bxd6 cxd6 15. Kd2 Nc6 16. c3 g6 17. Bg4 Rfe8 18. Rhe1 Re7 19. Rxe7 Nxe7 20. Re1 Kf8
21. h3 a6 22. Bf3=
1/2-1/2

[Event "Mark it Zero"]
[Site "SchemingMind.com"]
[Date "2009.08.19"]
[Round "-"]
[White "lelouchdamien"]
[Black "mark74"]
[Result "0-1"]
[WhiteCountry "USA"]
[BlackCountry "USA"]
[WhiteElo "1459"]
[WhiteRD "125"]
[BlackElo "1631"]
[BlackRD "92"]
[GameID "216058"]

1. d4 e6 2. Nf3 d5 3. e3 Nf6 4. Bd3 c5 5. c3 Nc6 6. Nbd2 Bd6 7. e4 cxd4 8. cxd4 dxe4 9. Nxe4 Be7 10. Bc2 O-O
11. O-O b6 12. a3 Bb7 13. Nxf6+ Bxf6 14. Be3 Na5 15. Qd3 g6 16. Rad1 Rc8 17. Nd2 Qc7 18. Rc1 Qc6 19. Qe4 Qxe4 20. Bxe4 Ba6
21. Rfe1 Rxc1 22. Rxc1 Rd8 23. Nf3 Nb3 24. Rc7 Nxd4 25. Nxd4 Bxd4 26. Bxd4 Rxd4 27. f3 Rd1+ 28. Kf2 Rd2+ 29. Kg3 Rxb2 30. Rxa7 Bf1
31. Ra8+ Kg7 32. Rb8 Rxg2+ 33. Kf4 Rxh2 34. Rxb6 Kf6 35. a4 g5+ 36. Ke3 Ke5 37. a5 f5 38. Bb7 f4#
0-1

[Event "Mark it Zero"]
[Site "SchemingMind.com"]
[Date "2009.08.16"]
[Round "-"]
[White "Quaff"]
[Black "air666"]
[Result "1-0"]
[WhiteCountry "ENG"]
[BlackCountry "GER"]
[WhiteElo "1602"]
[WhiteRD "84"]
[BlackElo "1531"]
[BlackRD "83"]
[GameID "216184"]

1. e4 d5 2. exd5 Qxd5 3. Nc3 Qa5 4. d3 Nf6 5. Bd2 c5 6. Nd5 Qd8 7. Nxf6+ gxf6 8. Be2 Nc6 9. Nf3 Bg4 10. h3 Bxf3
11. Bxf3 Qd7 12. Be3 e5 13. Qd2 Nd4 14. Bxd4 cxd4 15. a3 Qb5 16. b3 Qa6 17. a4 Rc8 18. b4 Qb6 19. b5 Qc7 20. Ra2 Qc3
21. Qxc3 Rxc3 22. Bxb7 Bb4 23. Ke2 Rg8 24. g3 Ke7 25. Bc6 f5 26. Rb1 Ba3 27. Rba1 Bd6 28. Bd5 Rg5 29. h4 Rg6 30. Rb1 Rc8
31. b6 a6 32. Bb7 Rb8 33. Bxa6 f4 34. gxf4 Bc5 35. a5 exf4 36. Bc4 h5 37. b7 Rf6 38. a6 Ba7 39. Rb5 f3+ 40. Kd2 Rg6
41. Rf5 f6 42. Rxf3 Rg4 43. Rh3 Rg2 44. Ke2 Rg1 45. Rg3 Rh1 46. Rg7+ Kd6 47. Rf7 Ke5 48. Ra5+
1-0

[Event "Mark it Zero"]
[Site "SchemingMind.com"]
[Date "2009.08.16"]
[Round "-"]
[White "air666"]
[Black "Quaff"]
[Result "0-1"]
[WhiteCountry "GER"]
[BlackCountry "ENG"]
[WhiteElo "1435"]
[WhiteRD "69"]
[BlackElo "1595"]
[BlackRD "83"]
[GameID "216187"]

1. e4 e5 2. Nf3 Nc6 3. Bb5 d6 4. d4 exd4 5. Bxc6+ bxc6 6. Nxd4 Nf6 7. Bg5 Be7 8. Nxc6 Qd7 9. Nxe7 Qxe7 10. Nc3 Ba6
11. Nd5 Qxe4+ 12. Ne3 Qe6 13. Qf3 O-O 14. Bxf6 Qxf6 15. Qxf6 gxf6 16. O-O-O Be2 17. Rd4 Bh5 18. g4 Bg6 19. f4 h6 20. Rg1 a5
21. Nf5 Bxf5 22. gxf5+ Kh7 23. Rc4 c5 24. Rc3 Rg8 25. Rd1 Rg4 26. Rxd6 Rxf4 27. Rxc5 Rf1+ 28. Rd1 Rxd1+ 29. Kxd1 a4 30. Rc3 h5
31. Ra3 Kh6 32. b3 Rd8+ 33. Kc1 axb3 34. axb3 Rd5 35. Ra7 Kg7 36. Ra2 Rxf5 37. Ra4 Rf2 38. Rh4 Kg6 39. Rh3 f5 40. Rg3+ Kf6
41. Rh3 Kg5 42. Rg3+ Kf4 43. Rg7 Rxh2 44. Rxf7 h4 45. b4 h3 46. b5 Rg2 47. b6 h2 48. b7 h1=Q+ 49. Kb2 Qh8+ 50. Kb3 Qb8
51. c4 Ke5 52. Kb4 Rb2+
0-1

[Event "Mark it Zero"]
[Site "SchemingMind.com"]
[Date "2009.09.01"]
[Round "-"]
[White "Teagy"]
[Black "Uzi Mike"]
[Result "0-1"]
[WhiteCountry "ENG"]
[BlackCountry "USA"]
[WhiteElo "1879"]
[WhiteRD "75"]
[BlackElo "2050"]
[BlackRD "102"]
[GameID "217813"]

1. e4 e5 2. f4 exf4 3. Nf3 g5 4. h4 g4 5. Ne5 Bg7 6. d4 Nf6 7. Nc3 d6 8. Nd3 O-O 9. Nxf4 Nc6 10. Be2 Re8
11. d5 Nb4 12. O-O Nxe4 13. Nxe4 Rxe4 14. c3 Qxh4 15. Bxg4 Bxg4
0-1

[Event "Mark it Zero"]
[Site "SchemingMind.com"]
[Date "2009.08.31"]
[Round "-"]
[White "palszab"]
[Black "Shaka"]
[Result "1-0"]
[WhiteCountry "HUN"]
[BlackCountry "VEN"]
[WhiteElo "1873"]
[WhiteRD "75"]
[BlackElo "1780"]
[BlackRD "87"]
[GameID "217814"]

1. e4 c6 2. d4 d5 3. e5 Bf5 4. Nf3 e6 5. Be2 Nd7 6. O-O c5 7. Be3 cxd4 8. Bxd4 Ne7 9. c4 dxc4 10. Bxc4 Nc6
11. Bc3 Be7 12. Nd4 Nxd4 13. Qxd4 O-O 14. Nd2 Qc7 15. Nf3 Rfd8 16. Qf4 Rac8 17. Bb3
1-0

[Event "Mark it Zero"]
[Site "SchemingMind.com"]
[Date "2009.08.31"]
[Round "-"]
[White "Uzi Mike"]
[Black "Teagy"]
[Result "0-1"]
[WhiteCountry "USA"]
[BlackCountry "ENG"]
[WhiteElo "2050"]
[WhiteRD "102"]
[BlackElo "1879"]
[BlackRD "75"]
[GameID "217819"]

1. Nf3 g6 2. e4 Bg7 3. d4 d6 4. c4 c5 5. Nc3 cxd4 6. Nxd4 Nc6 7. Nxc6 bxc6 8. Be2 Nf6 9. O-O O-O 10. Bf4 a5
11. e5 dxe5 12. Bxe5 Bf5 13. Bf3 Rc8 14. Re1 Qb6 15. Na4 Qb4 16. Bc3 Qb7 17. Qe2 Rfe8 18. g4 Bd7 19. Rad1 h6
0-1

[Event "Mark it Zero"]
[Site "SchemingMind.com"]
[Date "2009.08.31"]
[Round "-"]
[White "Shaka"]
[Black "palszab"]
[Result "0-1"]
[WhiteCountry "VEN"]
[BlackCountry "HUN"]
[WhiteElo "1780"]
[WhiteRD "87"]
[BlackElo "1873"]
[BlackRD "75"]
[GameID "217820"]

1. e4 e5 2. Nf3 Nc6 3. Bc4 Bc5 4. c3 Nf6 5. d4 exd4 6. e5 d5 7. Bb5 Ne4 8. cxd4 Bb6 9. Bxc6+ bxc6 10. Qc2 c5
11. Nc3 cxd4 12. Nxe4 dxe4
0-1

[Event "Mark it Zero"]
[Site "SchemingMind.com"]
[Date "2009.09.05"]
[Round "-"]
[White "jtrochez1"]
[Black "simon_w"]
[Result "0-1"]
[WhiteCountry "HON"]
[BlackCountry "IRL"]
[WhiteElo "1629"]
[WhiteRD "54"]
[BlackElo "1892"]
[BlackRD "76"]
[GameID "218677"]

1. e4 c5 2. Bc4 e6 3. Nc3 Nc6 4. Nf3 Nf6 5. d3 d5 6. exd5 exd5 7. Bb5 Be7 8. h3 a6 9. Bxc6+ bxc6 10. O-O O-O
11. Re1 h6 12. b3 Re8 13. Ne2 Bf5 14. Ng3 Bh7 15. c4 Qc7 16. Bb2 Rad8 17. Be5 Qd7 18. Nh2 dxc4 19. dxc4 Qc8 20. Qc1 Nd7
21. Qf4 Nxe5 22. Rxe5 Bf6 23. Rxe8+ Rxe8
0-1

[Event "Mark it Zero"]
[Site "SchemingMind.com"]
[Date "2009.09.05"]
[Round "-"]
[White "simon_w"]
[Black "jtrochez1"]
[Result "1-0"]
[WhiteCountry "IRL"]
[BlackCountry "HON"]
[WhiteElo "1938"]
[WhiteRD "78"]
[BlackElo "1594"]
[BlackRD "53"]
[GameID "218685"]

1. e4 e5 2. Nf3 d6 3. d4 Bg4 4. dxe5 Bxf3 5. Qxf3 dxe5 6. Bc4 Nf6 7. Qb3 Qc8 8. Bxf7+ Kd8 9. Be6 Nbd7 10. Bg5 Qb8
11. Bh3 c5 12. Nc3 Be7 13. Rd1 Qc7 14. Bxf6
1-0